[Event "CAN-ch U20"]
[Site "Victoria CAN"]
[Date "2009.07.27"]
[Round "7"]
[White "Rakov, Pavel"]
[Black "Samsonkin, Artiom"]
[Result "0-1"]
[WhiteElo "2175"]
[BlackElo "2598"]
[PlyCount "72"]
[EventDate "2009.07.25"]
[EventType "swiss"]
[EventRounds "7"]
[EventCountry "CAN"]

1. d4 Nf6 2. Nf3 g6 3. Bg5 Bg7 4. Nbd2 d5 5. e3 O-O 6. c4 c5 7. Be2 cxd4 8.
Nxd4 Nc6 9. O-O e5 10. Nxc6 bxc6 11. Qa4 Qb6 12. b4 Rb8 13. a3 h6 14. c5 Qc7
15. Bxf6 Bxf6 16. e4 Bg5 17. Rad1 Be6 18. Bd3 f5 19. exd5 cxd5 20. Nf3 Bf6 21.
Bb5 Rfd8 22. Rfe1 Bf7 23. Bc6 d4 24. b5 d3 25. Nd2 e4 26. Nxe4 fxe4 27. Qxe4 d2
28. Re2 Rd4 29. Qf3 Bg5 30. Re4 Rbd8 31. h4 Rxe4 32. Qxe4 Bf4 33. b6 axb6 34.
cxb6 Qxb6 35. Qxf4 Qxc6 36. Qxh6 Qc2 0-1

[Event "CAN-ch U20 playoff 2nd-3rd"]
[Site "Victoria CAN"]
[Date "2009.07.28"]
[Round "1"]
[White "Samsonkin, Artiom"]
[Black "Calugar, Arthur"]
[Result "1-0"]
[WhiteElo "2598"]
[BlackElo "2226"]
[PlyCount "83"]
[EventDate "2009.07.25"]
[EventType "swiss"]
[EventRounds "7"]
[EventCountry "CAN"]

1. e4 c5 2. Nf3 Nc6 3. d4 cxd4 4. Nxd4 e6 5. Nc3 a6 6. Nxc6 bxc6 7. Bd3 d5 8.
O-O Nf6 9. Re1 Be7 10. e5 Nd7 11. Qg4 g6 12. Na4 Rb8 13. c4 Nb6 14. Nxb6 Qxb6
15. b3 c5 16. Bh6 d4 17. Qh3 Rg8 18. f4 Bb7 19. Bg5 h5 20. Qh4 Qc7 21. Bf6 Bc6
22. Qg5 Kd8 23. f5 Rb7 24. fxg6 fxg6 25. Rf1 Kc8 26. Rf2 a5 27. Raf1 a4 28.
bxa4 Kb8 29. a5 Ka7 30. a6 Kxa6 31. Bxe7 Qxe7 32. Qc1 Kb6 33. Qa3 Rg7 34. Rb1+
Kc7 35. Qa5+ Kc8 36. Rf8+ Kd7 37. Rxb7+ Bxb7 38. Rb8 Bc8 39. Bc2 Qd8 40. Qxc5
Qc7 41. Ba4+ Kd8 42. Qf8# 1-0

[Event "CAN-op"]
[Site "Edmonton CAN"]
[Date "2009.07.11"]
[Round "1.6"]
[White "Wu, Allan"]
[Black "Samsonkin, Artiom"]
[Result "0-1"]
[WhiteElo "1867"]
[BlackElo "2612"]
[PlyCount "73"]
[EventDate "2009.07.11"]
[EventType "swiss"]
[EventRounds "9"]
[EventCountry "CAN"]

1. c4 Nf6 2. Nf3 g6 3. Nc3 Bg7 4. d4 d6 5. e4 O-O 6. Be2 e5 7. d5 a5 8. O-O Na6
9. Be3 Ng4 10. Bd2 f5 11. Rb1 Nc5 12. Bg5 Qe8 13. Nd2 h6 14. Bxg4 hxg5 15. Bf3
g4 16. Be2 Bh6 17. Nb3 b6 18. Nxc5 bxc5 19. b3 Rf7 20. a3 Rh7 21. g3 Bg5 22.
Kg2 Qf8 23. b4 axb4 24. axb4 Qh6 25. Rh1 Qh3+ 26. Kg1 Ra3 27. Bf1 Qh6 28. Rb3
Rxb3 29. Qxb3 f4 30. Bg2 f3 31. Bf1 Be3 32. Nd1 Bd4 33. bxc5 Bxc5 34. Qb8 Qf8
35. Qb3 Bb6 36. Ne3 Qh6 37. Qa3 0-1

[Event "CAN-op"]
[Site "Edmonton CAN"]
[Date "2009.07.13"]
[Round "3.6"]
[White "Martchenko, Alexander"]
[Black "Samsonkin, Artiom"]
[Result "0-1"]
[WhiteElo "2314"]
[BlackElo "2612"]
[PlyCount "76"]
[EventDate "2009.07.11"]
[EventType "swiss"]
[EventRounds "9"]
[EventCountry "CAN"]

1. e4 c5 2. Nf3 d6 3. d4 cxd4 4. Nxd4 Nf6 5. Nc3 Nc6 6. Bg5 Bd7 7. Qd2 Rc8 8.
Nb3 a6 9. Bxf6 gxf6 10. Bd3 Rg8 11. f4 h5 12. O-O-O b5 13. Kb1 e6 14. Qf2 Be7
15. Rhg1 Qc7 16. g4 hxg4 17. h3 b4 18. Ne2 a5 19. Bb5 Nb8 20. Bd3 a4 21. Nbd4
a3 22. b3 Qc5 23. Qh4 Nc6 24. Nxc6 Bxc6 25. Rxg4 Rf8 26. Qe1 Bxe4 27. Bxe4 f5
28. Bd3 fxg4 29. hxg4 Rh8 30. g5 Rh2 31. Qd2 Kf8 32. Rf1 f5 33. Rc1 Kg7 34. Re1
Rch8 35. Qc1 R8h3 36. Ng1 Rxd3 37. cxd3 Rb2+ 38. Ka1 Rc2 0-1

[Event "CAN-op"]
[Site "Edmonton CAN"]
[Date "2009.07.14"]
[Round "4.5"]
[White "Samsonkin, Artiom"]
[Black "Zilberstein, Dmitry"]
[Result "1/2-1/2"]
[WhiteElo "2614"]
[BlackElo "2380"]
[PlyCount "84"]
[EventDate "2009.07.11"]
[EventType "swiss"]
[EventRounds "9"]
[EventCountry "CAN"]

1. Nf3 Nf6 2. g3 d5 3. d4 g6 4. Bg2 Bg7 5. O-O O-O 6. c4 c6 7. cxd5 cxd5 8. Nc3
Ne4 9. Qb3 Nxc3 10. bxc3 Nc6 11. Bf4 Na5 12. Qb4 b6 13. Nd2 Bb7 14. e4 dxe4 15.
Nxe4 Rc8 16. Rfe1 Re8 17. Rad1 Rc4 18. Qa3 Qd7 19. Bf1 Ra4 20. Qb2 Nc4 21. Qc2
Bd5 22. Bg2 Ra5 23. Qe2 Qc6 24. Bg5 h6 25. Nf6+ Bxf6 26. Bxd5 Rxd5 27. Bxf6
Qxf6 28. Qxc4 Rd7 29. a4 Qf5 30. Re5 Qxe5 31. dxe5 Rxd1+ 32. Kg2 e6 33. Qc7 Rb1
34. h4 h5 35. Qxa7 Rc8 36. Qb7 Rc5 37. Qe4 Rb3 38. g4 hxg4 39. h5 gxh5 40. Qf4
Rc8 41. Qg5+ Kf8 42. Qh6+ Kg8 1/2-1/2

[Event "CAN-op"]
[Site "Edmonton CAN"]
[Date "2009.07.15"]
[Round "5.5"]
[White "Hommeles, Theo"]
[Black "Samsonkin, Artiom"]
[Result "1-0"]
[WhiteElo "2412"]
[BlackElo "2612"]
[PlyCount "91"]
[EventDate "2009.07.11"]
[EventType "swiss"]
[EventRounds "9"]
[EventCountry "CAN"]

1. e4 c5 2. Nf3 d6 3. d4 cxd4 4. Nxd4 Nf6 5. Nc3 g6 6. Be3 Bg7 7. Qd2 Nc6 8. f3
O-O 9. O-O-O d5 10. exd5 Nxd5 11. Nxc6 bxc6 12. Bd4 e5 13. Bc5 Be6 14. Ne4 Re8
15. g4 h6 16. h4 Qc7 17. g5 h5 18. Bc4 Red8 19. Qe1 Rab8 20. Rh2 Qb7 21. b3 Nf4
22. Rxd8+ Rxd8 23. Qa5 Rd7 24. Ba6 Qb8 25. Rd2 Rxd2 26. Qxd2 Bd5 27. Qa5 Bxe4
28. fxe4 Ne6 29. Be3 Bf8 30. Bc4 Nd4 31. c3 Nb5 32. a4 Nd6 33. Qa6 Nxc4 34.
Qxc4 Qb7 35. b4 Qd7 36. a5 Qh3 37. Bf2 a6 38. Kb2 Qg2 39. Qe2 Bd6 40. Kb3 c5
41. Qxa6 Qxe4 42. Qxd6 Qb1+ 43. Ka4 Qc2+ 44. Kb5 Qe2+ 45. Kb6 Qxf2 46. Qxc5 1-0

[Event "CAN-op"]
[Site "Edmonton CAN"]
[Date "2009.07.16"]
[Round "6.13"]
[White "Samsonkin, Artiom"]
[Black "Me, Kevin"]
[Result "1-0"]
[WhiteElo "2612"]
[BlackElo "2124"]
[PlyCount "35"]
[EventDate "2009.07.11"]
[EventType "swiss"]
[EventRounds "9"]
[EventCountry "CAN"]

1. e4 c5 2. Nf3 d6 3. d4 cxd4 4. Nxd4 Nf6 5. Nc3 a6 6. Bg5 e6 7. f4 Be7 8. Qf3
Qc7 9. O-O-O Nbd7 10. Bd3 b5 11. Rhe1 Bb7 12. Qg3 b4 13. Nd5 exd5 14. exd5 Nb6
15. Nf5 Nbxd5 16. Bxf6 gxf6 17. Bc4 Rc8 18. Rxd5 1-0

[Event "CAN-op"]
[Site "Edmonton CAN"]
[Date "2009.07.17"]
[Round "7.7"]
[White "Plotkin, Victor"]
[Black "Samsonkin, Artiom"]
[Result "0-1"]
[WhiteElo "2310"]
[BlackElo "2612"]
[PlyCount "46"]
[EventDate "2009.07.11"]
[EventType "swiss"]
[EventRounds "9"]
[EventCountry "CAN"]

1. e4 c5 2. c3 Qa5 3. Nf3 d6 4. Qb3 a6 5. Bc4 e6 6. O-O Nf6 7. Re1 Nc6 8. a4
Be7 9. Na3 O-O 10. d3 Rd8 11. Qc2 d5 12. Bb3 c4 13. dxc4 dxe4 14. Nd2 e5 15.
Nxe4 Nd4 16. Nxf6+ Bxf6 17. Qd1 Bg4 18. Qxg4 Nxb3 19. Rb1 Nxc1 20. Rbxc1 Qxa4
21. Nc2 g6 22. Ne3 Bg7 23. Nd5 Rxd5 0-1

[Event "CAN-op"]
[Site "Edmonton CAN"]
[Date "2009.07.18"]
[Round "8.5"]
[White "Samsonkin, Artiom"]
[Black "Tayar, Jonathan"]
[Result "0-1"]
[WhiteElo "2614"]
[BlackElo "2392"]
[PlyCount "90"]
[EventDate "2009.07.11"]
[EventType "swiss"]
[EventRounds "9"]
[EventCountry "CAN"]

1. Nf3 Nf6 2. g3 g6 3. Bg2 Bg7 4. c4 O-O 5. Nc3 d6 6. O-O e5 7. d3 Nh5 8. Rb1
f5 9. Nd2 Nc6 10. e3 Be6 11. b4 Qd7 12. b5 Nd8 13. Bb2 c6 14. bxc6 bxc6 15. f4
Rb8 16. Ba1 Rxb1 17. Qxb1 Nf7 18. Qd1 Qc7 19. Kh1 Qb6 20. Na4 Qc7 21. Nf3 Rb8
22. Qd2 c5 23. Nc3 h6 24. Nh4 Nh8 25. Nd5 Qd8 26. e4 Bxd5 27. cxd5 exf4 28.
Bxg7 Kxg7 29. exf5 fxg3 30. Nxg6 Nxg6 31. fxg6 Qh4 32. h3 Nf6 33. Qa5 Rb7 34.
Qd8 Rd7 35. Qc8 Re7 36. Qc6 Ng4 37. Qxd6 Nf2+ 38. Kg1 Re2 39. Qxc5 Qf4 40.
Qxa7+ Kxg6 41. Be4+ Qxe4 42. Qf7+ Kxf7 43. dxe4 Ke7 44. Kg2 Nxe4+ 45. Kg1 Ng5
0-1

[Event "CAN-op"]
[Site "Edmonton CAN"]
[Date "2009.07.19"]
[Round "9.9"]
[White "Henry, Liam"]
[Black "Samsonkin, Artiom"]
[Result "0-1"]
[WhiteElo "2280"]
[BlackElo "2612"]
[PlyCount "146"]
[EventDate "2009.07.11"]
[EventType "swiss"]
[EventRounds "9"]
[EventCountry "CAN"]

1. e4 c5 2. Nf3 d6 3. d4 cxd4 4. Nxd4 Nf6 5. Nc3 g6 6. Be3 Bg7 7. f3 Nc6 8. Qd2
O-O 9. Bc4 Bd7 10. O-O-O Ne5 11. Bb3 b5 12. Ndxb5 Qa5 13. Nd4 Rab8 14. Nd5
Qxd2+ 15. Rxd2 Nxd5 16. Bxd5 e6 17. Bb3 a5 18. a3 Rfc8 19. Ba2 Rc7 20. c3 Bc8
21. Kc2 a4 22. Rdd1 Ba6 23. Bc1 Rcb7 24. f4 Nc4 25. Bxc4 Bxc4 26. Kb1 Rb6 27.
Ka1 e5 28. fxe5 Bxe5 29. g3 h5 30. Rhe1 Kg7 31. Re3 Bf6 32. Nf3 Be6 33. Rd2 Bg4
34. Rf2 Re8 35. Bd2 Rb7 36. Rd3 Rxe4 37. Rxd6 Be6 38. Rd3 Bb3 39. Re3 Rxe3 40.
Bxe3 Re7 41. Bd2 Rd7 42. Kb1 g5 43. Kc1 Kg6 44. Ne1 Rd5 45. Nc2 Rf5 46. Rxf5
Kxf5 47. Nd4+ Bxd4 48. cxd4 Kg4 49. Be3 f5 50. Kd2 f4 51. gxf4 gxf4 52. Bg1 Kh3
53. d5 Bxd5 54. Ke1 Kg2 55. Bb6 h4 56. Bd8 h3 57. Bc7 f3 58. Bg3 Kg1 59. Bh4
Kg2 60. Bg3 Bb3 61. Bh4 f2+ 62. Bxf2 Kxh2 63. Bc5 Kg2 64. Bd6 h2 65. Bxh2 Kxh2
66. Kd2 Kg2 67. Kc1 Kf2 68. Kb1 Ke2 69. Ka1 Bc2 70. Ka2 Kd3 71. Ka1 Kd2 72. Ka2
Kc1 73. Ka1 Bb1 0-1

[Event "Ontario op"]
[Site "Ottawa CAN"]
[Date "2009.05.16"]
[Round "1"]
[White "Samsonkin, Artiom"]
[Black "Kirby, Patrick"]
[Result "1/2-1/2"]
[WhiteElo "2590"]
[BlackElo "2220"]
[PlyCount "84"]
[EventDate "2009.05.16"]
[EventType "swiss"]
[EventRounds "6"]
[EventCountry "CAN"]

1. e4 e5 2. Nc3 Nc6 3. Bc4 Nf6 4. d3 Na5 5. Nf3 Nxc4 6. dxc4 d6 7. c5 h6 8. O-O
Bg4 9. cxd6 Bxd6 10. h3 Bd7 11. Nh4 O-O 12. Qf3 Qe7 13. Be3 Rfe8 14. Rad1 a5
15. Rfe1 Bb4 16. Bd2 Rad8 17. a3 Bd6 18. Ne2 Nh7 19. Qg3 Ng5 20. Nf5 Bxf5 21.
exf5 Qf6 22. Qg4 Bf8 23. h4 Nh7 24. Bxa5 Rxd1 25. Rxd1 Qa6 26. Bb4 Nf6 27. Qf3
e4 28. Qe3 Ng4 29. Qg3 Qxe2 30. Re1 Qxc2 31. Bxf8 Kxf8 32. Qxg4 Qxb2 33. Re3
Qd4 34. g3 c5 35. f6 Qxf6 36. Rxe4 Rxe4 37. Qxe4 Qa1+ 38. Kg2 Qxa3 39. Qxb7 Qb4
40. Qc8+ Ke7 41. Qc7+ Kf6 42. Qc6+ Ke7 1/2-1/2

[Event "Ontario op"]
[Site "Ottawa CAN"]
[Date "2009.05.16"]
[Round "2"]
[White "Doubleday, William"]
[Black "Samsonkin, Artiom"]
[Result "0-1"]
[WhiteElo "2197"]
[BlackElo "2590"]
[PlyCount "114"]
[EventDate "2009.05.16"]
[EventType "swiss"]
[EventRounds "6"]
[EventCountry "CAN"]

1. d4 Nf6 2. c4 g6 3. Nc3 Bg7 4. e4 d6 5. Be2 O-O 6. Nf3 e5 7. O-O Na6 8. Re1
Qe8 9. Bf1 Bg4 10. d5 Nb4 11. Be2 a5 12. h3 Bd7 13. Nd2 Na6 14. b3 Nc5 15. Bb2
Bh6 16. Qc2 Bxd2 17. Qxd2 Nfxe4 18. Nxe4 Nxe4 19. Qe3 Nc5 20. f4 f6 21. fxe5
fxe5 22. Rf1 Qe7 23. Rxf8+ Rxf8 24. Rf1 Rxf1+ 25. Bxf1 Qf6 26. Bc3 b6 27. Bd2
Bf5 28. a3 a4 29. bxa4 Nxa4 30. Qh6 Nc5 31. Bg5 Qf7 32. Qh4 Kf8 33. Be3 Ke8 34.
Bxc5 dxc5 35. Qg5 Qe7 36. Qxe7+ Kxe7 37. Kf2 g5 38. Ke3 h5 39. g3 h4 40. g4 Bd7
41. Bd3 Be8 42. Be2 Kd6 43. Bd3 b5 44. cxb5 Kxd5 45. a4 c4 46. Bf1 Kc5 47. Be2
Kb4 48. Bd1 Bg6 49. Kd2 c3+ 50. Kc1 c2 51. Bxc2 Bxc2 52. Kxc2 Kxa4 53. Kd3 Kb4
54. Ke4 Kxb5 55. Kxe5 c5 56. Kf5 c4 57. Kxg5 c3 0-1

[Event "Ontario op"]
[Site "Ottawa CAN"]
[Date "2009.05.17"]
[Round "3"]
[White "Samsonkin, Artiom"]
[Black "Sambuev, Bator"]
[Result "1-0"]
[WhiteElo "2590"]
[BlackElo "2622"]
[PlyCount "125"]
[EventDate "2009.05.16"]
[EventType "swiss"]
[EventRounds "6"]
[EventCountry "CAN"]

1. e4 e6 2. d4 d5 3. Nc3 Bb4 4. e5 c5 5. a3 Ba5 6. b4 cxd4 7. Nb5 Bc7 8. f4 Ne7
9. Nf3 Bd7 10. Nxc7+ Qxc7 11. Bd3 a6 12. Bb2 Ba4 13. Nxd4 Nbc6 14. Qd2 O-O 15.
O-O Rfc8 16. Qf2 Nxd4 17. Bxd4 Bxc2 18. Rfc1 Bxd3 19. Rxc7 Rxc7 20. Bc5 Rac8
21. Qe3 Be4 22. Bxe7 Rxe7 23. Rc1 Ree8 24. Rc5 h6 25. Qc3 d4 26. Qxd4 Bc6 27.
Qc3 Red8 28. h3 Rd1+ 29. Kh2 Rcd8 30. Rxc6 R1d3 31. Qc4 bxc6 32. Qxa6 R8d4 33.
Qxc6 Rxa3 34. Qe8+ Kh7 35. Qxf7 Rxb4 36. f5 exf5 37. Qxf5+ Kg8 38. Qc8+ Kh7 39.
Qc2+ Kh8 40. Qc5 Rab3 41. Qf8+ Kh7 42. e6 Rb8 43. e7 R3b6 44. e8=Q Rxe8 45.
Qxe8 Rf6 46. Qe4+ Kh8 47. h4 Kg8 48. g4 g6 49. Qe8+ Kg7 50. Qe5 Kf7 51. Kg3 Re6
52. Qf4+ Kg7 53. Qc7+ Kf8 54. Qd8+ Kf7 55. Qh8 h5 56. gxh5 gxh5 57. Qxh5+ Kg7
58. Kf4 Rf6+ 59. Ke5 Rg6 60. Qd1 Kh6 61. Kf5 Rg8 62. Qd6+ Kh5 63. Qf6 1-0

[Event "Ontario op"]
[Site "Ottawa CAN"]
[Date "2009.05.17"]
[Round "4"]
[White "Gerzhoy, Leonid"]
[Black "Samsonkin, Artiom"]
[Result "0-1"]
[WhiteElo "2520"]
[BlackElo "2590"]
[PlyCount "90"]
[EventDate "2009.05.16"]
[EventType "swiss"]
[EventRounds "6"]
[EventCountry "CAN"]

1. d4 Nf6 2. c4 g6 3. Nc3 Bg7 4. e4 d6 5. f3 Nc6 6. Be3 a6 7. Qd2 Rb8 8. Nge2
O-O 9. h4 h5 10. Nd5 b5 11. Nxf6+ Bxf6 12. O-O-O bxc4 13. g4 Nb4 14. Nc3 c5 15.
gxh5 Qa5 16. Bxc4 cxd4 17. Bxd4 Bxd4 18. Qxd4 Qxh5 19. Rdg1 Be6 20. Bxe6 fxe6
21. Kb1 Rf6 22. Qa7 Nc6 23. Qxa6 Ne5 24. Qa7 Re8 25. Qe3 Nxf3 26. Rg3 Ref8 27.
a4 d5 28. Qd3 Qe5 29. Rg2 d4 30. Nb5 Ra8 31. Rf2 Ne1 32. Rxe1 Rxf2 33. Qb3 d3
34. Rg1 Qxe4 35. Nc3 Qf5 36. Rg5 Qf7 37. h5 Rf1+ 38. Ka2 e5 39. Qxf7+ Kxf7 40.
hxg6+ Kf6 41. Ne4+ Kg7 42. Rxe5 Rxa4+ 43. Kb3 Rxe4 44. Rxe4 d2 45. Rxe7+ Kxg6
0-1

[Event "Ontario op"]
[Site "Ottawa CAN"]
[Date "2009.05.18"]
[Round "5"]
[White "Samsonkin, Artiom"]
[Black "Sapozhnikov, Roman"]
[Result "1-0"]
[WhiteElo "2590"]
[BlackElo "2356"]
[PlyCount "69"]
[EventDate "2009.05.16"]
[EventType "swiss"]
[EventRounds "6"]
[EventCountry "CAN"]

1. e4 e6 2. Qe2 c5 3. Nf3 Nc6 4. g3 d6 5. Bg2 g6 6. O-O Bg7 7. c3 Nge7 8. Rd1
e5 9. Na3 O-O 10. Nc2 f5 11. exf5 Nxf5 12. d3 d5 13. c4 dxc4 14. dxc4 Nfd4 15.
Nfxd4 Nxd4 16. Nxd4 exd4 17. Bd5+ Kh8 18. Bf4 Bh3 19. Qd2 Qd7 20. b4 cxb4 21.
Bh6 Bg4 22. Bxg7+ Qxg7 23. Re1 Qf6 24. f3 Bd7 25. Rad1 Ba4 26. Re6 Qg7 27. Rde1
Rae8 28. Qxb4 Rxe6 29. Rxe6 Bc2 30. Re7 Qh6 31. Qb2 Qd2 32. Re2 Qd1+ 33. Kf2
Be4 34. Bxe4 Rd8 35. Bd5 1-0

[Event "Ontario op"]
[Site "Ottawa CAN"]
[Date "2009.05.18"]
[Round "6"]
[White "Pacey, Kevin"]
[Black "Samsonkin, Artiom"]
[Result "1/2-1/2"]
[WhiteElo "2319"]
[BlackElo "2590"]
[PlyCount "87"]
[EventDate "2009.05.16"]
[EventType "swiss"]
[EventRounds "6"]
[EventCountry "CAN"]

1. d4 Nf6 2. c4 g6 3. Nc3 Bg7 4. e4 d6 5. Be2 O-O 6. Bg5 Nbd7 7. Qd2 c6 8. Nf3
d5 9. exd5 cxd5 10. cxd5 Nb6 11. O-O Nbxd5 12. Rfe1 Nxc3 13. bxc3 Ne4 14. Qe3
Nxg5 15. Qxg5 Qc7 16. Rac1 Rd8 17. Bd1 Bf6 18. Qe3 Be6 19. Bb3 Bxb3 20. axb3
Qb6 21. c4 Bxd4 22. Nxd4 Rxd4 23. c5 Qd8 24. Qxe7 Qxe7 25. Rxe7 Rb4 26. Rc3 Kf8
27. Rc7 Re8 28. g3 Re7 29. Rc8+ Kg7 30. c6 bxc6 31. R8xc6 Reb7 32. Ra6 h5 33.
h4 R4b5 34. Rf3 R5b6 35. Rxb6 Rxb6 36. Kf1 Re6 37. Rf4 Re7 38. b4 Kf8 39. Rf6
Ke8 40. Ra6 Kd8 41. b5 Rb7 42. Ke2 Ke7 43. Ke3 Rxb5 44. Rxa7+ 1/2-1/2

[Event "PWC Toronto op"]
[Site "Toronto CAN"]
[Date "2009.04.17"]
[Round "1"]
[White "Samsonkin, Artiom"]
[Black "Siddeley, Hugh"]
[Result "1-0"]
[WhiteElo "2379"]
[BlackElo "2003"]
[PlyCount "87"]
[EventDate "2009.04.17"]
[EventType "swiss"]
[EventRounds "5"]
[EventCountry "CAN"]
[Source "Mark Crowther"]
[SourceDate "2009.04.20"]

1. e4 c5 2. Nf3 Nc6 3. Nc3 Nf6 4. d4 cxd4 5. Nxd4 e5 6. Ndb5 d6 7. Nd5 Nxd5 8.
exd5 Nb8 9. a4 Be7 10. Be2 O-O 11. O-O Nd7 12. Kh1 a6 13. Na3 f5 14. Nc4 Nb6
15. Nxb6 Qxb6 16. a5 Qd8 17. Be3 Bg5 18. Bxg5 Qxg5 19. f4 exf4 20. Qd2 Qh6 21.
Qxf4 g5 22. Qd2 f4 23. Bd3 Bg4 24. Qb4 Rf7 25. Rae1 Raf8 26. Qd4 Qh5 27. Rf2 f3
28. g3 Bh3 29. Kg1 Bc8 30. c4 g4 31. b4 Qg5 32. c5 Re7 33. Rxe7 Qxe7 34. cxd6
Qxd6 35. Rc2 Be6 36. Rc5 Bd7 37. Bc4 Re8 38. Kf2 h5 39. Rc6 Re2+ 40. Kf1 bxc6
41. dxc6+ Qe6 42. Bxe6+ Bxe6 43. Qd3 h4 44. c7 1-0

[Event "PWC Toronto op"]
[Site "Toronto CAN"]
[Date "2009.04.18"]
[Round "2"]
[White "Martchenko, Alexander"]
[Black "Samsonkin, Artiom"]
[Result "0-1"]
[WhiteElo "2039"]
[BlackElo "2379"]
[PlyCount "107"]
[EventDate "2009.04.17"]
[EventType "swiss"]
[EventRounds "5"]
[EventCountry "CAN"]
[Source "Mark Crowther"]
[SourceDate "2009.04.20"]

1. e4 c5 2. Nf3 d6 3. d4 cxd4 4. Nxd4 Nf6 5. Nc3 Nc6 6. Bg5 e6 7. Qd2 a6 8.
O-O-O Bd7 9. f3 b5 10. Be3 Ne5 11. Bd3 Rb8 12. f4 Nc4 13. Bxc4 bxc4 14. e5 Ng4
15. exd6 Qb6 16. b3 Nxe3 17. Qxe3 Bxd6 18. Nd5 Qc5 19. Rhe1 O-O 20. Nc3 Qa5 21.
Ne4 Bb4 22. c3 Be7 23. Re2 e5 24. fxe5 Bg4 25. b4 Qa3+ 26. Kd2 Rxb4 27. Ke1
Bxe2 28. Qxe2 Rb2 29. Qg4 Rd8 30. e6 fxe6 31. Qxe6+ Kh8 32. Nf5 Rxd1+ 33. Kxd1
Bf8 34. Qe8 Rxg2 35. Nfd6 Rf2 36. Nxf2 Qxd6+ 37. Ke2 h6 38. h3 Qa3 39. Qc8
Qxa2+ 40. Kf3 Kg8 41. Ne4 Qa4 42. Qe6+ Kh8 43. Qc8 Qd1+ 44. Kf4 Qf1+ 45. Ke5 a5
46. Nc5 Kh7 47. Ne6 Be7 48. Kd5 Qd3+ 49. Nd4 Bf6 50. Qxc4 Qxh3 51. Qc7 a4 52.
Qc4 a3 53. Qb3 Qd3 54. Qa2 0-1

[Event "PWC Toronto op"]
[Site "Toronto CAN"]
[Date "2009.04.19"]
[Round "5"]
[White "Sambuev, Bator"]
[Black "Samsonkin, Artiom"]
[Result "1-0"]
[WhiteElo "2498"]
[BlackElo "2379"]
[PlyCount "128"]
[EventDate "2009.04.17"]
[EventType "swiss"]
[EventRounds "5"]
[EventCountry "CAN"]
[Source "Mark Crowther"]
[SourceDate "2009.04.20"]

1. Nf3 Nf6 2. c4 g6 3. Nc3 Bg7 4. e4 d6 5. d4 O-O 6. Be2 e5 7. d5 a5 8. Bg5 h6
9. Bh4 Na6 10. O-O Qe8 11. Ne1 Nc5 12. f3 Nh5 13. Nb5 Qd7 14. Nd3 Nxd3 15. Bxd3
Nf4 16. Bf2 c6 17. Nc3 c5 18. Bc2 Qe7 19. Be3 h5 20. Qd2 h4 21. Ne2 Nxe2+ 22.
Qxe2 Bd7 23. h3 Bf6 24. Qd2 b5 25. b3 Rfb8 26. Rfb1 Qd8 27. a3 bxc4 28. bxc4 a4
29. Qc1 Kg7 30. Bd2 Rxb1 31. Rxb1 Rb8 32. Kf1 Qc8 33. Rb2 Rxb2 34. Qxb2 Qa6 35.
Bd3 Qa7 36. Ke2 g5 37. Bc2 Qc7 38. Qb1 Qa7 39. Qc1 Kg6 40. Qg1 Qb8 41. Bc1 Qh8
42. Kd3 Be7 43. Qe1 Qd8 44. Ke2 Kh5 45. g3 hxg3 46. Qxg3 Qf8 47. Kf2 Qh8 48. h4
gxh4 49. Qg1 Bf6 50. Bd1 Qg7 51. Qxg7 Bxg7 52. f4+ Kg6 53. f5+ Kf6 54. Kf3 Ke7
55. Kg4 Bf6 56. Bd2 h3 57. Kxh3 Kd8 58. Kg4 Kc7 59. Kh5 Bg7 60. Bh6 Bf6 61. Bg5
Bd8 62. Kh6 Bxg5+ 63. Kxg5 Kd8 64. Kf6 Ke8 1-0

[Event "RA Spring op"]
[Site "Ottawa CAN"]
[Date "2009.03.21"]
[Round "3"]
[White "Pacey, Kevin"]
[Black "Samsonkin, Artiom"]
[Result "0-1"]
[WhiteElo "2318"]
[BlackElo "2518"]
[PlyCount "80"]
[EventDate "2009.03.20"]
[EventType "swiss"]
[EventRounds "5"]
[EventCountry "CAN"]

1. g3 g6 2. Bg2 Bg7 3. d3 d6 4. Nc3 c5 5. Bg5 Nc6 6. Nf3 h6 7. Bd2 e5 8. Nd5
Nge7 9. Nxe7 Qxe7 10. c3 O-O 11. e4 f5 12. Nh4 Qf7 13. exf5 gxf5 14. O-O Be6
15. f4 Rae8 16. fxe5 Nxe5 17. Bf4 Bd7 18. Qd2 Kh7 19. h3 Qh5 20. Qd1 Qxd1 21.
Raxd1 Bc6 22. Rd2 Bxg2 23. Kxg2 b5 24. Bxe5 Rxe5 25. Rf3 Rd5 26. Rdf2 f4 27.
Rxf4 Rxf4 28. gxf4 Rxd3 29. f5 Bf6 30. Ng6 a5 31. Nf4 Rd1 32. Nh5 Be5 33. Kf3
Rd3+ 34. Kg4 b4 35. f6 Kg8 36. cxb4 axb4 37. Kf5 Kf7 38. Rg2 Rf3+ 39. Ke4 Rxh3
40. Rg7+ Kf8 0-1

[Event "Hart House Holidays op"]
[Site "Toronto CAN"]
[Date "2008.12.20"]
[Round "2"]
[White "Samsonkin, Artiom"]
[Black "Gladstone, Simon"]
[Result "1-0"]
[WhiteElo "2532"]
[BlackElo "1807"]
[PlyCount "57"]
[EventDate "2008.12.19"]
[EventType "swiss"]
[EventRounds "5"]
[EventCountry "CAN"]

1. e4 e6 2. d4 d5 3. e5 c5 4. c3 Nc6 5. Nf3 Qb6 6. a3 a5 7. b3 Bd7 8. Be3 cxd4
9. cxd4 Rc8 10. Bd3 g6 11. O-O Bg7 12. Nc3 Na7 13. Na4 Bxa4 14. bxa4 f6 15. Rb1
Qc7 16. Qb3 fxe5 17. Rfc1 Nc6 18. Qxb7 e4 19. Rxc6 Qxb7 20. Rxb7 Rxc6 21. Bb5
Ne7 22. Ng5 Bf6 23. Bxc6+ Nxc6 24. Nxe6 Be7 25. Nc7+ Kd8 26. Nxd5 Bxa3 27. Bg5+
Ke8 28. Rc7 Nd8 29. Nf6+ 1-0

[Event "Hart House Holidays op"]
[Site "Toronto CAN"]
[Date "2008.12.20"]
[Round "3.6"]
[White "Ibrahim, Ismail"]
[Black "Samsonkin, Artiom"]
[Result "0-1"]
[WhiteElo "2035"]
[BlackElo "2532"]
[PlyCount "58"]
[EventDate "2008.12.19"]
[EventType "swiss"]
[EventRounds "5"]
[EventCountry "CAN"]

1. e4 c5 2. Nc3 e6 3. g3 d5 4. exd5 exd5 5. Bg2 Nf6 6. d3 d4 7. Ne4 Nxe4 8.
dxe4 c4 9. Nf3 Bc5 10. O-O O-O 11. Ne5 Be6 12. Qh5 Qc7 13. Ng4 Nd7 14. Bf4 Qb6
15. e5 Rfe8 16. Be4 Nf8 17. Rae1 Ng6 18. h4 Qc7 19. Nh2 Qd7 20. Kh1 Bd5 21. f3
Bxe4 22. Rxe4 Qd5 23. Ng4 Rf8 24. Nh2 Rae8 25. Rfe1 f5 26. R4e2 d3 27. Rd2 Nxe5
28. Bxe5 Rxe5 29. Red1 Be3 0-1

[Event "Oktoberfest op"]
[Site "Kitchener CAN"]
[Date "2008.10.17"]
[Round "1"]
[White "Fiedler, Brian"]
[Black "Samsonkin, Artiom"]
[Result "0-1"]
[WhiteElo "2144"]
[BlackElo "2482"]
[PlyCount "68"]
[EventDate "2008.10.17"]
[EventType "swiss"]
[EventRounds "5"]
[EventCountry "CAN"]

1. d4 Nf6 2. c4 g6 3. Nc3 Bg7 4. e4 d6 5. Nf3 O-O 6. Be2 e5 7. d5 a5 8. Bg5
Nbd7 9. Nd2 Nc5 10. b3 h6 11. Be3 h5 12. h3 Nh7 13. g4 h4 14. O-O f5 15. f3 Bf6
16. Kg2 Bg5 17. Bf2 Bf4 18. Qc2 Qg5 19. Rad1 Nf6 20. exf5 gxf5 21. Kh1 Bg3 22.
Bxg3 hxg3 23. Kg2 Qh4 24. Rh1 e4 25. Nf1 exf3+ 26. Bxf3 Nfe4 27. Ne2 fxg4 28.
hxg4 Qf6 29. Bxe4 Qf2+ 30. Kh3 Rf6 31. Qc1 Nxe4 32. Nfxg3 Bxg4+ 33. Kxg4 Rg6+
34. Kh5 Kg7 0-1

[Event "Oktoberfest op"]
[Site "Kitchener CAN"]
[Date "2008.10.18"]
[Round "2"]
[White "Samsonkin, Artiom"]
[Black "Plotkin, Victor"]
[Result "1-0"]
[WhiteElo "2482"]
[BlackElo "2304"]
[PlyCount "79"]
[EventDate "2008.10.17"]
[EventType "swiss"]
[EventRounds "5"]
[EventCountry "CAN"]

1. e4 e5 2. f4 Nf6 3. fxe5 Nxe4 4. Nf3 Ng5 5. d4 Nxf3+ 6. Qxf3 Qh4+ 7. Qf2
Qxf2+ 8. Kxf2 d6 9. exd6 Bxd6 10. Nc3 Nc6 11. Nb5 Bf5 12. Nxd6+ cxd6 13. Bf4
O-O-O 14. d5 Nb4 15. Rd1 Nxc2 16. a3 Rhe8 17. Kg3 Re7 18. Bb5 a6 19. Bd3 Bxd3
20. Rxd3 Rc7 21. Kf2 Rc4 22. Rc3 Rc5 23. Rc1 Nd4 24. Be3 Nf5 25. Bxc5 dxc5 26.
Rxc5+ Kb8 27. Rc7 Rxd5 28. Rxf7 Nd6 29. Rxg7 Rd2+ 30. Kg1 Rxb2 31. Rxh7 Nb5 32.
Ra1 Nd4 33. g4 a5 34. a4 Nf3+ 35. Kh1 Rb4 36. Ra3 Ng5 37. Rg7 Rxg4 38. Rb3 Rxa4
39. Rxg5 Ra1+ 40. Rg1 1-0